| 000 | 00503nam a2200169 a 4500 | ||
|---|---|---|---|
| 005 | 20210219151024.0 | ||
| 008 | 991125s1946 mx 000 0 spa u | ||
| 035 | _aUPN01000026085 | ||
| 049 | _aLT | ||
| 050 | 4 |
_aLB1653 M6 _bR4.3 |
|
| 100 | 1 | _aReyes, José María de los | |
| 245 | 1 | 0 |
_aGeografía humana : _blecturas / _cJosé María de los Reyes. |
| 260 |
_aMéxico : _bSEP, _c1946. |
||
| 300 |
_axi, 375 p. : _bil. |
||
| 650 | 4 |
_aGEOGRAFIA HUMANA - _xESTUDIO Y ENSEÑANZA (SECUNDARIA) |
|
| 905 | _aLibro | ||
| 999 |
_c26085 _d26085 |
||